Recombinant DNA (Record no. 11217)
[ view plain ]
| 000 -LEADER | |
|---|---|
| fixed length control field | 00294nam a2200133Ia 4500 |
| 003 - CONTROL NUMBER IDENTIFIER | |
| control field | OSt |
| 005 - DATE AND TIME OF LATEST TRANSACTION | |
| control field | 20240305143524.0 |
| 008 - FIXED-LENGTH DATA ELEMENTS--GENERAL INFORMATION | |
| fixed length control field | 170523s9999 xx 000 0 und d |
| 020 ## - INTERNATIONAL STANDARD BOOK NUMBER | |
| International Standard Book Number | 978-0716722823 |
| 040 ## - CATALOGING SOURCE | |
| Transcribing agency | IIMTU |
| 100 ## - MAIN ENTRY--PERSONAL NAME | |
| Personal name | D. Watson James |
| 245 #0 - TITLE STATEMENT | |
| Title | Recombinant DNA |
| 942 ## - ADDED ENTRY ELEMENTS (KOHA) | |
| Source of classification or shelving scheme | |
| Koha item type | Book Bank |
| Withdrawn status | Lost status | Source of classification or shelving scheme | Damaged status | Not for loan | Home library | Current library | Date acquired | Total Checkouts | Barcode | Date last seen | Date last checked out | Price effective from | Koha item type | Public note | Total Renewals |
|---|---|---|---|---|---|---|---|---|---|---|---|---|---|---|---|
| IIMT University Central Library Meerut | IIMT University Central Library Meerut | 05/31/2017 | 1 | 01-B-107848 | 06/09/2025 | 11/14/2024 | 05/31/2017 | Book Bank | Nil | ||||||
| IIMT University Central Library Meerut | IIMT University Central Library Meerut | 05/31/2017 | 2 | 01-B-107849 | 01/31/2025 | 11/26/2024 | 05/31/2017 | Book Bank | 1 | ||||||
| IIMT University Central Library Meerut | IIMT University Central Library Meerut | 05/31/2017 | 3 | 01-B-107850 | 07/04/2025 | 03/12/2025 | 05/31/2017 | Book Bank |

